000 00404nam a2200109Ia 4500
008 171212s9999 xx 000 0 und d
020 _a9781783741021
245 _ceditor Orsini, Francesca;Butler Schofield, Katherine
_aTellings and Texts
_bMusic, Literature and Performance in North India
260 _bOpen Book Publishers
_c2015
650 _aAnthropology
856 _uhttp://jstor.org/stable/j.ctt17rw4vj
999 _c351593
_d351593